Compendium of rulings, from 15th March 1967 to 12th November 1975 (Record no. 491052)

000 -LEADER
fixed length control field 00420cam a22001097a 4500
008 - FIXED-LENGTH DATA ELEMENTS--GENERAL INFORMATION
fixed length control field 180718b1978 xxu||||| |||| 00| 0 eng d
082 ## - DEWEY DECIMAL CLASSIFICATION NUMBER
Classification number G5x5452 T152/1967-75
245 ## - TITLE STATEMENT
Title Compendium of rulings, from 15th March 1967 to 12th November 1975
Statement of responsibility, etc. by Legislative Assembly Department, Tamil Nadu
260 ## - PUBLICATION, DISTRIBUTION, ETC.
Place of publication, distribution, etc. Madras
Name of publisher, distributor, etc. Legislative Assembly Department
Date of publication, distribution, etc. 1978
300 ## - PHYSICAL DESCRIPTION
Extent 724+p
700 ## - ADDED ENTRY--PERSONAL NAME
Personal name Tamil Nadu. Legislative Assembly Department
Holdings
Withdrawn status Lost status Damaged status Not for loan Permanent Location Current Location Date acquired Full call number Barcode Date last seen Price effective from Koha item type
        Indian Institute of Public Administration Indian Institute of Public Administration 2018-08-04 G5x5452 T152/1967-75 GG18269 2018-08-04 2018-08-04 GG

Powered by Koha